000 00656nam a2200181Ia 4500
008 090124s9999 xx 000 0 und d
082 _b22449
100 _aहर्षे रामकृष्ण गणेश
245 _a टीका आणि अभ्यास
250 _a0
260 _bरामकृष्ण गणेश हर्षे
_c1942
300 _a6+240+6
600 _aहर्षे रामकृष्ण गणेश
630 _a टीका आणि अभ्यास
700 _aहर्षे रामकृष्ण गणेश
730 _a टीका आणि अभ्यास
942 _cBOOK
999 _c91826
_d91826